[Event "AUTO-OPEN-1166"]
[Site "http://www.queenalice.com/game.php?id=419629"]
[Date "2008.6.18"]
[Round "1"]
[White "DukeSlywalker"]
[Black "jeancarlo1910"]
[Result "0-1"]
[WhiteElo "1864"]
[BlackElo "1657"]

1. e4 e5 2. Nf3 Nc6 3. g3 Bc5 4. Bg2 Nf6 5. d3 Ng4 6. O-O d6 7. h3 Nf6 8. Bg5
Nd4 9. Nbd2 Be6 10. c3 Nc6 11. Nb3 Bb6 12. d4 Qe7 13. d5 Qd7 14. dxe6 Qxe6 15.
Bxf6 gxf6 16. Nbd2 O-O-O 17. b4 Rhg8 18. a4 a6 19. b5 Nb8 20. bxa6 Nxa6 21. a5
Ba7 22. Qc2 Rxg3 23. Kh2 Rgg8 24. h4 Qg4 25. Bh3 h5 26. Bxg4+ hxg4 27. Kg3 Nc5
28. Rab1 Ne6 29. Qb3 b6 30. axb6 Bxb6 31. Nh2 Nf4 32. Qxf7 Ne2+ 33. Kg2 g3 34.
Qe6+ Kb8 35. fxg3 Rxg3+ 36. Kh1 Rgg8 37. Nhf3 Rg2 38. Qxf6 Rgg8 39. Ng1 Ng3+ 40.
Kg2 Nh5+ 41. Kh2 Nxf6 42. Rxf6 Kc8 43. h5 Rg5 44. h6 Rh5+ 45. Nh3 Be3 46. Kg3
Rg8+ 47. Kh2 Bf4+ 48. Rxf4 exf4 49. Nf3 Rg3 50. Ng1 Rxc3 51. Rf1 Rc2+ 52. Kh1
Rxh6 53. Rxf4 Rc4 54. Kg2 Rg6+ 55. Kf2 d5 56. exd5 Rc2+ 57. Ke3 c5 58. Kd3 Rcg2
59. Rc4 R6g3+ 60. Ke4 Rg4+ 61. Kf3 Rxc4 62. Kxg2 Rc2+ 63. Kf3 Kc7 64. Ne2 Ra2
65. Nhf4 Kd6 66. Ke4 Ra3 67. Nd3 Ra4+ 68. Ke3 Ra8 69. Nef4 c4 70. Nb4 c3 71. Kd3
Rc8 72. Kc2 Rc4 73. Nfd3 Rc8 74. Nc1 Rc4 75. Nca2 Kc5 76. Kb3 c2 77. Ka3 Rxb4
78. d6 Rb7 79. d7 Rxd7 80. Kb2 Rd2 81. Kc1 Rh2 82. Kb2 Kc4 83. Nc1 Kd4 84. Kb3
Ke3 85. Kb2 Kd2 86. Nb3+ Kd1 87. Nc1 Rh7 88. Nd3 Kd2 89. Nc1 Rb7+ 90. Nb3+ Rxb3+
91. Kxb3 c1=Q 92. Ka2 Qc4+ 93. Kb2 Qb4+ 0-1

[Event "AUTO-OPEN-1166"]
[Site "http://www.queenalice.com/game.php?id=419652"]
[Date "2008.6.18"]
[Round "1"]
[White "ozimandias"]
[Black "DukeSlywalker"]
[Result "0-1"]
[WhiteElo "1399"]
[BlackElo "1894"]

1. e4 e5 2. d3 Nf6 3. Nf3 Nc6 4. g3 g6 5. Bh3 Bg7 6. Nc3 d5 7. exd5 Nxd5 8. d4
Bxh3 9. dxe5 Nxc3 10. Qxd8+ Rxd8 11. bxc3 O-O 12. Ng1 Bf5 13. Bg5 Rd5 14. Ne2
Rxe5 15. Rd1 Bxc2 16. Rd7 Rxg5 17. O-O Be5 18. Rc1 Bf5 19. h4 Rg4 20. f4 Bxd7
21. Re1 Bxc3 22. Rd1 Re8 23. Nxc3 Rxg3+ 24. Kh2 Rxc3 25. Rxd7 Re2+ 26. Kg1 Rc1+
27. Rd1 Rxd1# 0-1

[Event "AUTO-OPEN-1166"]
[Site "http://www.queenalice.com/game.php?id=419653"]
[Date "2008.6.18"]
[Round "1"]
[White "DukeSlywalker"]
[Black "ozimandias"]
[Result "1-0"]
[WhiteElo "1898"]
[BlackElo "1386"]

1. e4 e5 2. Nf3 Nc6 3. g3 Nf6 4. d3 Bb4+ 5. Bd2 O-O 6. Bxb4 Nxb4 7. a3 d5 8.
axb4 Qd6 9. exd5 Qxb4+ 10. c3 Qxb2 11. Ra3 Bg4 12. Be2 e4 13. dxe4 Nxe4 14. O-O
Nd2 15. Nfxd2 Rae8 16. Bxg4 c6 17. Qb3 Qxb3 18. Rxb3 cxd5 19. Bf3 a5 20. Bxd5 b5
21. Rxb5 Re7 22. Nf3 a4 23. c4 Rfe8 24. Bc6 Rd8 25. Re5 Kf8 26. Rfe1 Rc7 27.
Re8+ Rxe8 28. Bxe8 Rc8 29. Bxa4 f5 30. Ng5 Rxc4 31. Re8# 1-0

[Event "AUTO-OPEN-1166"]
[Site "http://www.queenalice.com/game.php?id=419666"]
[Date "2008.6.18"]
[Round "1"]
[White "fredofm"]
[Black "DukeSlywalker"]
[Result "0-1"]
[WhiteElo "1376"]
[BlackElo "1848"]

1. e4 d5 2. exd5 Nf6 3. d6 cxd6 4. Nc3 g6 5. d4 Bg7 6. Bb5+ Bd7 7. Bxd7+ Nbxd7
8. Nge2 e5 9. d5 O-O 10. Nb5 Nb6 11. Bg5 Nbxd5 12. Bxf6 Nxf6 13. Nec3 d5 14. O-O
d4 15. Qe1 dxc3 16. Rd1 Qb6 17. Qxe5 Ng4 18. Qe2 cxb2 19. Qxg4 Qxb5 20. Rb1 Rfd8
21. Qf3 Rd2 22. Qb3 Qxb3 23. axb3 Rxc2 24. Rfe1 Rac8 25. b4 Rc1 26. Kf1 Rxb1 27.
Rxb1 Rc1+ 28. Rxc1 bxc1=Q+ 29. Ke2 Qa3 30. b5 Bd4 31. g3 a6 32. Kf1 Qd3+ 33. Kg2
Qxb5 0-1

[Event "AUTO-OPEN-1166"]
[Site "http://www.queenalice.com/game.php?id=419667"]
[Date "2008.6.18"]
[Round "1"]
[White "DukeSlywalker"]
[Black "fredofm"]
[Result "1-0"]
[WhiteElo "1850"]
[BlackElo "1372"]

1. Nf3 Nc6 2. g3 e5 3. Bg2 e4 4. Nh4 Bb4 5. Bxe4 Bxd2+ 6. Bxd2 d6 7. c4 Nd4 8.
Bc3 c5 9. e3 Nf5 10. Nxf5 Nf6 11. Nxg7+ Kd7 12. Bf5+ Kc7 13. Bxc8 Rxc8 14. Na3
Ng4 15. Nb5+ Kc6 16. Nxa7+ Kd7 17. Qa4+ Ke7 18. Nf5+ Kf8 19. Bxh8 Ra8 20. Nc6
Rxa4 21. Nxd8 Rxc4 22. Nxb7 Nxf2 23. Kxf2 Rc2+ 24. Ke1 Kg8 25. Bg7 d5 26. Rd1 h5
27. Bh6 d4 28. exd4 Rxb2 29. Nxc5 Rxa2 30. Rb1 Ra7 31. Kf2 Ra2+ 32. Kf3 Kh7 33.
Ne4 Ra3+ 34. Kf4 Kg6 35. Rb6+ f6 36. Rxf6+ Kh7 37. Ng5+ 1-0

[Event "AUTO-OPEN-1101"]
[Site "http://www.queenalice.com/game.php?id=455891"]
[Date "2008.8.30"]
[Round "2"]
[White "DukeSlywalker"]
[Black "emredostmetu"]
[Result "1-0"]
[WhiteElo "1859"]
[BlackElo "2379"]

1. Nf3 d5 2. g3 Nc6 3. Bg2 Nf6 4. O-O g6 5. d3 Bg7 6. Nbd2 O-O 7. e4 dxe4 8.
Nxe4 Nxe4 9. dxe4 Be6 10. c3 Bc4 11. Qxd8 Raxd8 12. Re1 Rd7 13. Nd2 Bd3 14. Nb3
b6 15. Bf4 e5 16. Be3 Rfd8 17. Nd4 exd4 18. e5 dxc3 19. Bg5 cxb2 20. Bxd8 bxa1=Q
21. Rxa1 Nxe5 22. Bg5 1-0

[Event "AUTO-OPEN-1101"]
[Site "http://www.queenalice.com/game.php?id=455892"]
[Date "2008.8.30"]
[Round "2"]
[White "emredostmetu"]
[Black "DukeSlywalker"]
[Result "1-0"]
[WhiteElo "2438"]
[BlackElo "1915"]

1. e4 d5 2. exd5 Nf6 3. Bb5+ Bd7 4. Bc4 Bg4 5. Nf3 Nxd5 6. Nc3 Nxc3 7. bxc3 e6
8. h3 Bh5 9. Rb1 b6 10. g4 Bg6 11. Ne5 Qf6 12. d4 a6 13. h4 b5 14. Bg5 Qxg5 15.
hxg5 bxc4 16. Qf3 Ra7 17. Rxb8+ Ke7 18. Re8+ Kxe8 19. Qc6+ 1-0

[Event "AUTO-OPEN-1126"]
[Site "http://www.queenalice.com/game.php?id=457725"]
[Date "2008.9.3"]
[Round "2"]
[White "vininb"]
[Black "DukeSlywalker"]
[Result "1-0"]
[WhiteElo "1878"]
[BlackElo "1913"]

1. e4 d5 2. exd5 Nf6 3. d4 Nxd5 4. Nf3 Bg4 5. h3 Bxf3 6. Qxf3 Nb4 7. Qb3 N8c6 8.
c3 e6 9. cxb4 Bxb4+ 10. Nc3 Qxd4 11. Be3 Qe5 12. a3 Nd4 13. Qd1 Bc5 14. Be2
O-O-O 15. Bxd4 Bxd4 16. Qc2 Rd7 17. O-O c6 18. Bf3 f5 19. Rfe1 Qf6 20. Rad1 Rhd8
21. Nb5 Kb8 22. Nxd4 Rxd4 23. Rxd4 1-0

[Event "AUTO-OPEN-1126"]
[Site "http://www.queenalice.com/game.php?id=457726"]
[Date "2008.9.3"]
[Round "2"]
[White "DukeSlywalker"]
[Black "vininb"]
[Result "0-1"]
[WhiteElo "1896"]
[BlackElo "1895"]

1. Nf3 d6 2. g3 g6 3. Bg2 Bg7 4. O-O Nf6 5. Nc3 O-O 6. e4 Bg4 7. d4 Nbd7 8. Qe1
e5 9. dxe5 Nxe5 10. Nxe5 dxe5 11. Bg5 h6 12. h3 Be6 13. Rd1 Qc8 14. Nd5 Nxd5 15.
exd5 Bxh3 16. d6 hxg5 17. Qe4 Bxg2 18. Kxg2 cxd6 19. Rxd6 Qc7 20. Rfd1 Rad8 21.
R6d3 f5 22. Qb4 Qc6+ 0-1

[Event "AUTO-OPEN-1126"]
[Site "http://www.queenalice.com/game.php?id=457731"]
[Date "2008.9.3"]
[Round "2"]
[White "Paulo2008"]
[Black "DukeSlywalker"]
[Result "1-0"]
[WhiteElo "1806"]
[BlackElo "1880"]

1. d4 Nf6 2. Nf3 g6 3. c4 Bg7 4. Nc3 O-O 5. e4 e6 6. Bd3 d5 7. cxd5 Re8 8. dxe6
Rxe6 9. O-O Nc6 10. d5 Nxd5 11. exd5 Rd6 12. Bg5 Ne7 13. Re1 Bf6 14. Bxf6 Rxf6
15. Qe2 Nf5 16. Qe8+ Qxe8 17. Rxe8+ Kg7 18. Bxf5 Rxf5 19. Rae1 b6 20. Rd8 Bb7
21. Rxa8 Bxa8 22. Re5 Kf6 23. Rxf5+ Kxf5 24. Kf1 Kf4 25. Ke2 g5 26. g3+ Kf5 27.
Nd4+ Kg4 28. Ndb5 Kh3 29. Nxc7 Bb7 30. d6 Bc6 31. Ne4 1-0

[Event "AUTO-OPEN-1126"]
[Site "http://www.queenalice.com/game.php?id=457732"]
[Date "2008.9.3"]
[Round "2"]
[White "DukeSlywalker"]
[Black "Paulo2008"]
[Result "1-0"]
[WhiteElo "1905"]
[BlackElo "1752"]

1. Nf3 c5 2. g3 d5 3. Bg2 Nf6 4. O-O Nc6 5. d3 e5 6. Re1 Bd6 7. e4 O-O 8. exd5
Nd4 9. Nxe5 Bxe5 10. Rxe5 Qd6 11. Bf4 Qd7 12. d6 b6 13. Bxa8 1-0

[Event "AUTO-OPEN-978"]
[Site "http://www.queenalice.com/game.php?id=464475"]
[Date "2008.9.17"]
[Round "3"]
[White "DukeSlywalker"]
[Black "Matrick"]
[Result "0-1"]
[WhiteElo "1944"]
[BlackElo "2277"]

1. Nf3 Nf6 2. g3 d5 3. Bg2 c5 4. d4 e6 5. dxc5 Bxc5 6. O-O Nc6 7. c3 O-O 8. b4
Be7 9. Nbd2 a6 10. Re1 e5 11. e4 Nxe4 12. Nxe4 dxe4 13. Qxd8 Rxd8 14. Rxe4 f5
15. Rc4 Be6 16. Bf1 Bxc4 17. Bxc4+ Kh8 18. Bg5 Bf6 19. Nxe5 Nxe5 20. Bxf6 gxf6
21. Bf1 Rac8 22. Bg2 Rxc3 23. Bxb7 Ra3 24. Bg2 Rd2 25. f4 Ng4 26. Bh3 Nxh2 27.
Bg2 Ng4 28. Bh3 Rxg3+ 0-1

[Event "AUTO-OPEN-978"]
[Site "http://www.queenalice.com/game.php?id=464476"]
[Date "2008.9.17"]
[Round "3"]
[White "Matrick"]
[Black "DukeSlywalker"]
[Result "1-0"]
[WhiteElo "2289"]
[BlackElo "1861"]

1. d4 Nf6 2. c4 g6 3. Nc3 Bg7 4. e4 e6 5. e5 Nh5 6. g4 Nf6 7. exf6 Qxf6 8. Nf3
b6 9. Bg5 Bb7 10. Bxf6 Bxf6 11. Bg2 d5 12. cxd5 exd5 13. Qe2+ Kf8 14. g5 Ba6 15.
Qe3 Bg7 16. Nxd5 1-0

[Event "AUTO-OPEN-1101"]
[Site "http://www.queenalice.com/game.php?id=500658"]
[Date "2008.11.30"]
[Round "3"]
[White "DukeSlywalker"]
[Black "aknightout"]
[Result "1/2-1/2"]
[WhiteElo "1936"]
[BlackElo "2154"]

1. e4 e5 2. Nf3 d6 3. d4 Nd7 4. dxe5 dxe5 5. g3 Ngf6 6. Bg2 Nxe4 7. Nxe5 Nxf2 8.
Kxf2 Nxe5 9. Qxd8+ Kxd8 10. Rd1+ Bd6 11. Bf4 Ke7 12. Nc3 Ng4+ 13. Ke2 Nxh2 14.
Bxd6+ cxd6 15. Nd5+ Kd7 16. Rd4 Re8+ 17. Kd3 f5 18. Rf4 Kc6 19. Nf6+ Re4 20.
Nxe4 fxe4+ 21. Bxe4+ d5 22. Bxh7 Ng4 23. Bf5 g5 24. Bxc8 gxf4 25. Bxg4 Rg8 26.
Bf3 Rxg3 27. Ke2 Kc5 28. Rd1 Rg5 29. Kf2 b5 30. b4+ Kxb4 31. Bxd5 a5 32. Kf3 Kc5
33. Be4 Rg3+ 34. Kxf4 Ra3 35. Bd5 Rc3 36. Rd2 Kb4 37. Ke4 Ka3 38. Kd4 Kb2 39.
Bb3 a4 40. Rf2 Rc7 41. c4+ Ka3 42. Kd5 axb3 43. axb3 Kb4 44. Rf4 Rc5+ 45. Kd6
bxc4 46. Re4 Kb5 47. bxc4+ Rxc4 48. Re5+ Kb6 1/2-1/2

[Event "AUTO-OPEN-1101"]
[Site "http://www.queenalice.com/game.php?id=500659"]
[Date "2008.11.30"]
[Round "3"]
[White "aknightout"]
[Black "DukeSlywalker"]
[Result "1-0"]
[WhiteElo "2107"]
[BlackElo "1941"]

1. e4 Nc6 2. Nf3 b6 3. g3 Bb7 4. d3 e6 5. Bg2 d5 6. O-O dxe4 7. dxe4 Be7 8. Bf4
Qxd1 9. Rxd1 Nb4 10. Na3 Bxe4 11. Bxc7 Nxc2 12. Nxc2 Bxc2 13. Nd4 Rc8 14. Bc6+
Kf8 15. Rdc1 Rxc7 16. Rxc2 Bf6 17. Nb5 Re7 18. Rd1 g6 19. Rd8+ Kg7 20. Nd6 Kh6
21. Ne8 Bg7 22. Bb5 Nf6 23. Rcc8 Nxe8 24. Bxe8 Bxb2 25. Kg2 Bf6 26. Kf3 e5 27.
Ke4 Re6 28. Bxf7 Re7 29. Rxh8 Bxh8 30. Bxg6 Bf6 31. Bf5 b5 32. Rc6 Kg7 33. Bxh7
b4 34. Bf5 Kf7 35. h4 Rb7 36. h5 b3 37. Be6+ Ke7 38. Bxb3 Rb4+ 39. Kf5 Bg7 40.
Rc7+ Kf8 41. Rf7+ 1-0

[Event "AUTO-OPEN-1166"]
[Site "http://www.queenalice.com/game.php?id=588784"]
[Date "2009.5.15"]
[Round "3"]
[White "vagner_pirai"]
[Black "DukeSlywalker"]
[Result "0-1"]
[WhiteElo "2000"]
[BlackElo "1971"]

1. e4 d5 2. exd5 Nf6 3. Nc3 Nxd5 4. Nxd5 Qxd5 5. d4 Nc6 6. c3 e5 7. Be3 exd4 8.
Bxd4 Nxd4 9. Qxd4 Qxd4 10. cxd4 Bb4+ 11. Kd1 O-O 12. Kc2 Bf5+ 13. Kb3 a5 14. a3
Be7 15. Nf3 Rfd8 16. Rd1 Be6+ 17. Kc3 Bf6 18. Bc4 Bxc4 19. Kxc4 c6 20. b4 b5+
21. Kb3 a4+ 22. Kc2 Rd5 23. Rd3 Re8 24. Rd2 g5 25. h3 h5 26. Kc3 g4 27. hxg4
hxg4 28. Ne1 c5 29. bxc5 Rxc5+ 30. Kb4 Rd5 31. Nc2 Ra8 32. f3 Bd8 33. Kc3 Ba5+
34. Nb4 Rc8+ 35. Kb2 Rc4 36. Nxd5 Bxd2 37. Nf6+ Kg7 38. Nxg4 Bc3+ 39. Kc2 Bxd4+
40. Kd3 Bc5 41. Rb1 Rd4+ 42. Kc3 b4+ 43. axb4 Bb6 44. Ra1 f5 45. Ne5 Rd5 46. Nc4
Bd4+ 47. Kc2 Bxa1 48. Ne3 Rb5 49. Kb1 Bc3 50. Ka2 Bxb4 51. g3 Bd2 52. Nc4 Bb4
53. Ne3 Bd6 54. f4 a3 55. Nc4 Bc5 56. Ka1 Rb3 0-1

[Event "AUTO-OPEN-1166"]
[Site "http://www.queenalice.com/game.php?id=588785"]
[Date "2009.5.15"]
[Round "3"]
[White "DukeSlywalker"]
[Black "vagner_pirai"]
[Result "0-1"]
[WhiteElo "1988"]
[BlackElo "1983"]

1. Nf3 c6 2. g3 d5 3. Bg2 Bg4 4. O-O Bxf3 5. Bxf3 e5 6. e4 Nf6 7. exd5 cxd5 8.
d3 Nc6 9. Bg5 Be7 10. Nc3 d4 11. Ne4 Nxe4 12. Bxe7 Nxf2 13. Bxd8 Nxd1 14. Bxc6+
bxc6 15. Bc7 Ne3 16. Rf2 f6 17. Bd6 Kd7 18. Bc5 Rhb8 19. c3 Ng4 20. Rd2 dxc3 21.
bxc3 Rb5 22. d4 Ke6 23. c4 Ra5 24. Re1 Rd8 25. Rb2 Rd7 26. h3 Nh6 27. Bb4 Ra4
28. dxe5 fxe5 29. Re4 Rd3 30. Kf2 Nf7 31. Bf8 Ng5 32. Rh4 Rf3+ 33. Kg2 Rxf8 34.
Re2 g6 35. Rh6 Rxc4 36. h4 Ne4 37. Rxh7 Rf7 38. Rh6 Rg7 39. h5 Kf7 40. hxg6+
Rxg6 41. Rh4 Nxg3 42. Rxc4 Nxe2+ 43. Kf3 Nd4+ 44. Ke4 Rg4+ 45. Kd3 Rg3+ 46. Ke4
Ke6 47. Rc5 Kd6 48. Ra5 Nb5 49. a4 Rg4+ 50. Kd3 Rd4+ 51. Ke3 Nc3 52. Rxa7 Rxa4
53. Rg7 Nd5+ 54. Kf2 Kc5 55. Rg5 Kd4 56. Rg4+ e4 0-1